Biotechnology (Record no. 479907)

000 -LEADER
fixed length control field 00442nam a22001817a 4500
003 - CONTROL NUMBER IDENTIFIER
control field ASAB
005 - DATE AND TIME OF LATEST TRANSACTION
control field 20180827062601.0
008 - FIXED-LENGTH DATA ELEMENTS--GENERAL INFORMATION
fixed length control field 151217t xxu||||| |||| 00| 0 eng d
040 ## - CATALOGING SOURCE
Transcribing agency ASAB
082 ## - DEWEY DECIMAL CLASSIFICATION NUMBER
Classification number 660.6
100 ## - MAIN ENTRY--PERSONAL NAME
Personal name John e smith
9 (RLIN) 1372
245 ## - TITLE STATEMENT
Title Biotechnology
Statement of responsibility, etc. John e smith
250 ## - EDITION STATEMENT
Linkage 5th
260 ## - PUBLICATION, DISTRIBUTION, ETC.
Place of publication, distribution, etc. Cambridge
Name of publisher, distributor, etc. Cambridge University press
Date of publication, distribution, etc. 2009
300 ## - PHYSICAL DESCRIPTION
Extent 266 p.
630 ## - SUBJECT ADDED ENTRY--UNIFORM TITLE
Uniform title Biotechnology
9 (RLIN) 4108
942 ## - ADDED ENTRY ELEMENTS (KOHA)
Source of classification or shelving scheme
Koha item type Book
Holdings
Withdrawn status Lost status Source of classification or shelving scheme Damaged status Not for loan Collection code Permanent Location Current Location Date acquired Total Checkouts Full call number Barcode Date last seen Date last checked out Price effective from Koha item type
            Atta-ur-Rahman School of Applied Biosciences (ASAB) Atta-ur-Rahman School of Applied Biosciences (ASAB) 12/17/2015 4 660.6 SMI ASAB1745 06/15/2021 03/08/2021 12/17/2015 Book
© 2023 Central Library, National University of Sciences and Technology. All Rights Reserved.